Monuments historiques de Strasbourg - Statistiques

Statistiques générales
  • Ce quiz a été pris 71 fois
  • Le résultat moyen est 2 sur 40
Statistiques - réponses
Monument Année du classement % Correct
Cathédrale Notre-Dame 1862
100%
Palais Rohan 1920
25%
Opéra 1921
19%
Palais du Rhin 1993
13%
Aubette 1929
10%
Bibliothèque nationale universitaire 2004
10%
Musée de l'œuvre Notre-Dame 1862
8%
Église Saint-Paul 1998
6%
Ponts couverts 1928
6%
Ancienne douane 1948
5%
Citadelle 1922
3%
Musée historique 1928
3%
Hôtel de Hanau 1921
2%
Hôtel de Klinglin 1970
2%
Maison des tanneurs 1927
2%
Palais du gouverneur militaire 1921
2%
Cours des couples 1927
0%
Écuries du palais du Rhin 2009
0%
Église Sainte-Aurélie 1988
0%
Église Sainte-Madeleine 1898
0%
Église Saint-Étienne 1862
0%
Église Saint-Nicolas 1995
0%
Grand Séminaire 1939
0%
Haras national 1922
0%
Hôtel d'Andlau-Klinglin 1921
0%
Hôtel de Dartein 1927
0%
Hôtel de la tribu des marchands 1984
0%
Hôtel de l'Épine 1946
0%
Hôtel de Saxe 1927
0%
Hôtel des Boecklin de Boecklinsau 1927
0%
Hôtel d'Ettenheimmunster 1927
0%
Hôtel du Corbeau 1930
0%
Maison de la radio et de la télévision 1983
0%
Maison Lauth 1928
0%
Maison Saré 1927
0%
Maison Spach 1927
0%
Monument du général Desaix 1922
0%
Pont Saint-Thomas 1995
0%
Propriété Schranz 1992
0%
Tour romaine 1920
0%
Aucun quiz correspondant
Distribution des résultats
% des personnes avec chaque résultat
Percentile par nombre de réponses
Votre historique - résultats
Vous n’avez pas pris ce quiz